Statistics for Golden State Warriors 2010s Top 10 Leaders

Click here to take the quiz!

General Stats

  • This quiz has been taken 31 times
  • The average score is 9 of 15

Answer Stats

Answer % Correct
Stephen Curry
100%
Klay Thompson
100%
Kevin Durant
96%
Draymond Green
96%
Andre Iguodala
93%
Andrew Bogut
74%
Harrison Barnes
70%
Shaun Livingston
67%
David Lee
59%
Monta Ellis
56%
Festus Ezeli
26%
Marreese Speights
22%
Andris Biedrins
19%
Ekpe Udoh
7%
Dorell Wright
4%

Score Distribution

Percentile by Number Answered

Percent of People with Each Score

Your Score History

You have not taken this quiz